000
00291nam a22001337a 4500
003
SGT
082
_a
611
_b
A14G
100
_a
GRAY,HENRY
245
_a
ANATOMY DESCRIPTIVE AND SURGICAL
260
_a
DELHI
_b
TAJ BOOK INTERNATIONAL
_c
2014
300
_a
304
650
_a
ANATOMY
942
_2
ddc
_c
BK
999
_c
8504
_d
8504